| 000 | 00807nam a2200277 4500 | ||
|---|---|---|---|
| 003 | OSt | ||
| 005 | 20260530113902.0 | ||
| 008 | 260507b2001 sp ||||| |||| 00| 0 spa d | ||
| 020 | _a1405414790 | ||
| 040 |
_aICI _bspa _cICI |
||
| 041 | _aspa | ||
| 050 |
_aTP548 _bG85 2001 |
||
| 100 | 1 |
_aSims Fiona _dautora _932413 |
|
| 245 | 1 | 0 |
_aGuía del Vino _buna aproximación para principiantes _cFiona Sims. |
| 264 | 1 |
_aParragon, _c2001 |
|
| 300 |
_a176 páginas : _bilustraciones |
||
| 336 |
_atexto _2rdacontent |
||
| 337 |
_asin medio _2rdamedia |
||
| 338 |
_avolumen _2rdacarrier |
||
| 650 |
_aVinos y vinificación. _932414 |
||
| 650 |
_aCata de vinos. _932415 |
||
| 650 |
_aIndustria vinícola. _932416 |
||
| 650 |
_aBebidas alcohólicas. _910284 |
||
| 650 |
_aEnología. _932417 |
||
| 942 |
_2lcc _cBK _n1 |
||
| 999 |
_c11817 _d11817 |
||